NBA Top 10 Highest Total Points (1980-1999) - Statistics

General Stats
  • This quiz has been taken 18 times
  • The average score is 118 of 201
Answer Stats
Year Team Player % Correct
1987: 9 Lakers Magic Johnson
94%
1999: 1 Lakers Shaquille O'Neal
94%
1998: 10 Lakers Shaquille O'Neal
94%
1995: 1 Magic Shaquille O'Neal
94%
1994: 2 Magic Shaquille O'Neal
94%
1993: 8 Magic Shaquille O'Neal
94%
1986: 8 Bullets Jeff Malone
88%
1999: 3 Jazz Karl Malone
88%
1998: 2 Jazz Karl Malone
88%
1997: 2 Jazz Karl Malone
88%
1996: 2 Jazz Karl Malone
88%
1995: 3 Jazz Karl Malone
88%
1994: 4 Jazz Karl Malone
88%
1993: 2 Jazz Karl Malone
88%
1992: 2 Jazz Karl Malone
88%
1991: 2 Jazz Karl Malone
88%
1990: 2 Jazz Karl Malone
88%
1989: 2 Jazz Karl Malone
88%
1988: 4 Jazz Karl Malone
88%
1988: 3 Celtics Larry Bird
88%
1987: 5 Celtics Larry Bird
88%
1986: 4 Celtics Larry Bird
88%
1985: 2 Celtics Larry Bird
88%
1984: 7 Celtics Larry Bird
88%
1983: 8 Celtics Larry Bird
88%
1998: 1 Bulls Michael Jordan
88%
1997: 1 Bulls Michael Jordan
88%
1996: 1 Bulls Michael Jordan
88%
1993: 1 Bulls Michael Jordan
88%
1992: 1 Bulls Michael Jordan
88%
1991: 1 Bulls Michael Jordan
88%
1990: 1 Bulls Michael Jordan
88%
1989: 1 Bulls Michael Jordan
88%
1988: 1 Bulls Michael Jordan
88%
1987: 1 Bulls Michael Jordan
88%
1985: 1 Bulls Michael Jordan
88%
1986: 10 76ers Moses Malone
88%
1985: 7 76ers Moses Malone
88%
1983: 6 76ers Moses Malone
88%
1982: 2 Rockets Moses Malone
88%
1981: 2 Rockets Moses Malone
88%
1980: 2 Rockets Moses Malone
88%
1999: 5 Spurs Tim Duncan
88%
1998: 8 Spurs Tim Duncan
88%
1993: 6 Suns Charles Barkley
82%
1992: 9 76ers Charles Barkley
82%
1991: 9 76ers Charles Barkley
82%
1990: 9 76ers Charles Barkley
82%
1989: 9 76ers Charles Barkley
82%
1988: 5 76ers Charles Barkley
82%
1999: 2 76ers Allen Iverson
76%
1998: 7 76ers Allen Iverson
76%
1997: 8 76ers Allen Iverson
76%
1985: 8 Kings Eddie Johnson
76%
1997: 6 Rockets Hakeem Olajuwon
76%
1996: 4 Rockets Hakeem Olajuwon
76%
1995: 4 Rockets Hakeem Olajuwon
76%
1994: 3 Rockets Hakeem Olajuwon
76%
1993: 3 Rockets Hakeem Olajuwon
76%
1990: 7 Rockets Hakeem Olajuwon
76%
1989: 10 Rockets Hakeem Olajuwon
76%
1988: 10 Rockets Hakeem Olajuwon
76%
1983: 9 Pistons Isiah Thomas
76%
1986: 7 Lakers Kareem Abdul-Jabbar
76%
1982: 9 Lakers Kareem Abdul-Jabbar
76%
1981: 4 Lakers Kareem Abdul-Jabbar
76%
1980: 5 Lakers Kareem Abdul-Jabbar
76%
1993: 9 Hornets Larry Johnson
76%
1995: 10 Bulls Scottie Pippen
76%
1992: 10 Bulls Scottie Pippen
76%
1994: 10 Trail Blazers Clifford Robinson
65%
1996: 3 Spurs David Robinson
65%
1995: 2 Spurs David Robinson
65%
1994: 1 Spurs David Robinson
65%
1993: 7 Spurs David Robinson
65%
1991: 6 Spurs David Robinson
65%
1990: 8 Spurs David Robinson
65%
1999: 6 SuperSonics Gary Payton
65%
1997: 9 SuperSonics Gary Payton
65%
1995: 9 Bucks Glenn Robinson
65%
1982: 5 76ers Julius Erving
65%
1981: 5 76ers Julius Erving
65%
1980: 3 76ers Julius Erving
65%
1997: 10 Knicks Patrick Ewing
65%
1996: 9 Knicks Patrick Ewing
65%
1995: 6 Knicks Patrick Ewing
65%
1994: 5 Knicks Patrick Ewing
65%
1993: 5 Knicks Patrick Ewing
65%
1992: 4 Knicks Patrick Ewing
65%
1991: 3 Knicks Patrick Ewing
65%
1990: 3 Knicks Patrick Ewing
65%
1994: 6 Hawks/Clippers Dominique Wilkins
59%
1993: 4 Hawks Dominique Wilkins
59%
1991: 5 Hawks Dominique Wilkins
59%
1990: 5 Hawks Dominique Wilkins
59%
1989: 7 Hawks Dominique Wilkins
59%
1988: 2 Hawks Dominique Wilkins
59%
1987: 3 Hawks Dominique Wilkins
59%
1986: 2 Hawks Dominique Wilkins
59%
1985: 4 Hawks Dominique Wilkins
59%
1997: 10 Pacers Reggie Miller
59%
1991: 8 Pacers Reggie Miller
59%
1990: 6 Pacers Reggie Miller
59%
1992: 3 Warriors Chris Mullin
53%
1991: 4 Warriors Chris Mullin
53%
1990: 10 Warriors Chris Mullin
53%
1989: 4 Warriors Chris Mullin
53%
1993: 10 Pistons Joe Dumars
53%
1996: 7 Magic Penny Hardaway
53%
1992: 6 Warriors Tim Hardaway
53%
1991: 7 Warriors Tim Hardaway
53%
1989: 5 Nuggets Alex English
47%
1988: 7 Nuggets Alex English
47%
1987: 2 Nuggets Alex English
47%
1986: 1 Nuggets Alex English
47%
1985: 3 Nuggets Alex English
47%
1984: 4 Nuggets Alex English
47%
1983: 1 Nuggets Alex English
47%
1982: 4 Nuggets Alex English
47%
1981: 8 Nuggets Alex English
47%
1992: 5 Trail Blazers Clyde Drexler
47%
1989: 6 Trail Blazers Clyde Drexler
47%
1988: 6 Trail Blazers Clyde Drexler
47%
1984: 6 Spurs George Gervin
47%
1983: 3 Spurs George Gervin
47%
1982: 1 Spurs George Gervin
47%
1981: 3 Spurs George Gervin
47%
1980: 1 Spurs George Gervin
47%
1998: 5 Hornets Glen Rice
47%
1997: 3 Hornets Glen Rice
47%
1996: 10 Hornets Glen Rice
47%
1995: 8 Heat Glen Rice
47%
1994: 9 Heat Glen Rice
47%
1992: 8 Heat Glen Rice
47%
1999: 8 Pistons Grant Hill
47%
1998: 9 Pistons Grant Hill
47%
1987: 8 Celtics Kevin McHale
47%
1997: 4 Kings Mitch Richmond
47%
1996: 5 Kings Mitch Richmond
47%
1995: 7 Kings Mitch Richmond
47%
1994: 7 Kings Mitch Richmond
47%
1992: 7 Kings Mitch Richmond
47%
1991: 10 Warriors Mitch Richmond
47%
1999: 4 Grizzlies Shareef Abdur-Rahim
47%
1998: 4 Grizzlies Shareef Abdur-Rahim
47%
1999: 9 Timberwolves/Nets Stephon Marbury
47%
1986: 3 Jazz Adrian Dantley
41%
1984: 1 Jazz Adrian Dantley
41%
1982: 3 Jazz Adrian Dantley
41%
1981: 1 Jazz Adrian Dantley
41%
1980: 7 Jazz Adrian Dantley
41%
1989: 3 SuperSonics Dale Ellis
41%
1988: 8 SuperSonics Dale Ellis
41%
1987: 7 SuperSonics Dale Ellis
41%
1988: 9 Mavericks Mark Aguirre
41%
1987: 6 Mavericks Mark Aguirre
41%
1985: 6 Mavericks Mark Aguirre
41%
1984: 2 Mavericks Mark Aguirre
41%
1983: 4 Mavericks Mark Aguirre
41%
1998: 3 Celtics Antoine Walker
35%
1984: 5 Knicks Bernard King
35%
1982: 8 Warriors Bernard King
35%
1981: 10 Warriors Bernard King
35%
1995: 5 Mavericks Jamal Mashburn
35%
1999: 10 Mavericks Michael Finley
35%
1998: 6 Mavericks Michael Finley
35%
1986: 9 Mavericks Rolando Blackman
35%
1984: 10 Mavericks Rolando Blackman
35%
1990: 4 Suns Tom Chambers
35%
1989: 8 Suns Tom Chambers
35%
1987: 10 SuperSonics Tom Chambers
35%
1999: 7 Nuggets Antonio McDyess
29%
1982: 7 Nuggets Dan Issel
29%
1980: 6 Nuggets Dan Issel
29%
1981: 7 Nuggets David Thompson
29%
1982: 6 Super Sonics Gus Williams
29%
1996: 6 Bullets Juwan Howard
29%
1987: 4 Trail Blazers Kiki Vandeweghe
29%
1986: 5 Trail Blazers Kiki Vandeweghe
29%
1984: 3 Nuggets Kiki Vandeweghe
29%
1983: 2 Nuggets Kiki Vandeweghe
29%
1997: 5 Warriors Latrell Sprewell
29%
1994: 8 Warriors Latrell Sprewell
29%
1986: 6 Spurs Mike Mitchell
29%
1985: 10 Spurs Mike Mitchell
29%
1984: 9 Spurs Mike Mitchell
29%
1981: 6 Cavaliers Mike Mitchell
29%
1980: 10 Cavaliers Mike Mitchell
29%
1983: 5 Bulls Reggie Theus
29%
1985: 9 Bucks Terry Cummings
29%
1984: 8 Clippers Terry Cummings
29%
1983: 10 Trail Blazers Jim Paxson
24%
1980: 8 Bullets Elvin Hayes
18%
1983: 7 Warriors Joe Carroll
18%
1980: 9 Kings Otis Birdsong
18%
1985: 5 Warriors Purvis Short
18%
1996: 8 Bucks Vin Baker
18%
1982: 10 Warriors World B. Free
18%
1980: 4 Clippers World B. Free
18%
1997: 7 Nets Kendall Gill
12%
1981: 9 Lakers Jamaal Wilkes
6%
No matching quizzes found
Score Distribution
Percent of People with Each Score
Percentile by Number Answered
Your Score History
You have not taken this quiz